TANZU ZA LUGHA (Record no. 215624)
[ view plain ]
| 000 -LEADER | |
|---|---|
| fixed length control field | 00400nam a22001577a 4500 |
| 008 - FIXED-LENGTH DATA ELEMENTS--GENERAL INFORMATION | |
| fixed length control field | 250609b |||||||| |||| 00| 0 eng d |
| 020 ## - INTERNATIONAL STANDARD BOOK NUMBER | |
| International Standard Book Number | 9966223215 |
| 050 ## - LIBRARY OF CONGRESS CALL NUMBER | |
| Classification number | PL 8702.T36 2003 V.1 C.5 |
| 100 ## - MAIN ENTRY--PERSONAL NAME | |
| Personal name | NJOGU KIMANI |
| 245 ## - TITLE STATEMENT | |
| Title | TANZU ZA LUGHA |
| 260 ## - PUBLICATION, DISTRIBUTION, ETC. | |
| Place of publication, distribution, etc. | NAIROBI |
| Name of publisher, distributor, etc. | JOMO KENYATTA FOUNDATION |
| Date of publication, distribution, etc. | 2003 |
| 300 ## - PHYSICAL DESCRIPTION | |
| Extent | X111,363P. |
| 650 ## - SUBJECT ADDED ENTRY | |
| Topical term or geographic name entry element | KISWAHILI |
| 942 ## - ADDED ENTRY ELEMENTS (KOHA) | |
| Source of classification or shelving scheme | Library of Congress Classification |
| Koha item type | Long Loan Book |
| Withdrawn status | Lost status | Source of classification or shelving scheme | Damaged status | Not for loan | Collection | Home library | Current library | Shelving location | Date acquired | Inventory number | Total checkouts | Full call number | Barcode | Date last seen | Date last checked out | Copy number | Price effective from | Koha item type |
|---|---|---|---|---|---|---|---|---|---|---|---|---|---|---|---|---|---|---|
| Library of Congress Classification | Arts & Social Sciences | Kisii University Library | Kisii University Library | On Display | 06/09/2025 | 44562 | 1 | PL 8702.T36 2003 V.1 | 000000019205 | 03/14/2026 | 03/01/2026 | C.5 | 06/09/2025 | Long Loan Book | ||||
| Library of Congress Classification | Arts & Social Sciences | Kisii University Library | Kisii University Library | On Display | 06/09/2025 | 44561 | PL 8702.T36 2003 V.1 | 000000019210 | 06/09/2025 | C.4 | 06/09/2025 | Long Loan Book |